Zborník Filozofickej fakulty Univerzity Komenského Philosophica

Bibliographic Details
Format: Serial
Language:Slovak
Czech
Polish
German
English
French
PhysicalDescription:zv. 24 cm
Published: Bratislava Slovenské pedagogické nakladateľstvo 1960-
Bratislava Univerzita Komenského
ISBN:8008014016 (brož. : zv. XXVIII/1988)
8022306886 (brož. : zv. XXIX/1993)
8022310861 (brož. : zv. XXX/1997)
8022312231 (brož. : zv. XXXI/1998)
8022316652 (brož. : zv. XXXIII/2002)
9788022326162 (brož. : zv. XXXIV/2009)
9788022330121 (brož. : zv. XXXV/2011)
9788022330749 (brož. : zv. XXXVI/2011)
9788022336543 (brož. : zv. XXXVII/2014)
ISSN:0232-0371
Subjects:

MARC

LEADER 00000cas a22000005a 4500
001 vtls001472293
003 SK-MaSNL
005 20260425194132.0
008 040331c19609999xo x| 0 0b0slo
015 |a SNBB2005/02-00435 (zv. XXXIII)  |a SNBB2010/03-01643 (zv. XXXIV)  |a SNBB2012/01-00131 (zv. XXXV)  |a SNBB2015 (zv. XXXVI)  |a SNBB2015 (zv. XXXVII) 
020 |a 8008014016 (brož. : zv. XXVIII/1988) 
020 |a 8022306886 (brož. : zv. XXIX/1993) 
020 |a 8022310861 (brož. : zv. XXX/1997) 
020 |a 8022312231 (brož. : zv. XXXI/1998) 
020 |a 8022316652 (brož. : zv. XXXIII/2002) 
020 |a 9788022326162 (brož. : zv. XXXIV/2009) 
020 |a 9788022330121 (brož. : zv. XXXV/2011) 
020 |a 9788022330749 (brož. : zv. XXXVI/2011) 
020 |a 9788022336543 (brož. : zv. XXXVII/2014) 
022 |a 0232-0371 
035 |a SNK000427595 
040 |a SNK  |b slo  |c SNK  |d SAVUK  |e AACR2 
041 |a slo  |a cze  |a pol  |a ger  |a eng  |a fre  |b eng  |b rus  |b slo  |b ger 
044 |a xo  |c SK 
072 7 |a 101  |x Filozofia  |2 konspekt 
080 |a (082)  |2 2001 
080 |a 101  |2 2001 
210 0 |a Zb. Univ. Komenského, Philos. 
222 0 |a Zborník Univerzity Komenského. Philosophica 
245 0 0 |a Zborník Filozofickej fakulty Univerzity Komenského  |p Philosophica 
246 1 2 |a Za zrkadlom modernity  |f XXXVI/2011 
246 1 3 |a Sborník Filozofickej fakulty Univerzity Komenského. Philosophica 
246 1 2 |a Osvietenstvo ako spôsob myslenia  |f XXXV/2011 
246 1 2 |a Filozofia v škole, filozofia v živote  |f XXXIII/2002 
246 1 2 |a Éra globalizácie vo filozofickej reflexii  |f XXXIV/2009 
246 1 3 |a Zborník Univerzity Komenského. Philosophica 
246 1 3 |a Zborník Filozofickej fakulty a Ústavu marxizmu-leninizmu Univerzity Komenského. Philosophica 
246 1 2 |a Civilizácia a kultúra modernity (trendy, normy, kritika)  |f XXXVII/2014 
246 1 0 |a Philosophica 
260 |a Bratislava  |b Slovenské pedagogické nakladateľstvo  |c 1960- 
260 3 |3 1993-  |a Bratislava  |b Univerzita Komenského 
300 |a zv.  |c 24 cm 
310 |a Nepravidelne 
362 0 |a Roč. 10=1 (1960)-16=7 (1966) ; roč. 8/9 (1967/68)- 
500 |a Roč. 26 (1986) vydala Univerzita Komenského pre Filozofickú fakultu UK a Ústav marxizmu-leninizmu UK 
504 |a Bibliogr. odkazy ; pozn. 
546 |a Čiast. text aj slov., čes., poľ., nem., angl., franc.; res. angl., rus., slov. alebo nem. 
650 0 7 |a filozofia  |2 SNKPH  |9 793 
650 0 7 |a Philosophy  |2 SNKPHeng  |9 266492 
655 7 |a zborníky  |2 SNKPH  |9 70165 
655 7 |a Papers of several authors  |2 SNKPHeng  |9 153738 
710 2 |a Univerzita Komenského v Bratislave.  |b Filozofická fakulta  |4 pbl 
852 |a Štátna vedecká knižnica v Banskej Bystrici 
910 |a snk 
910 |a savuk 
910 |a kuruk 
919 |a 80-08-01401-6 
919 |a 80-223-0688-6 
919 |a 80-223-1086-1 
919 |a 80-223-1223-1 
919 |a 80-223-1665-2 
919 |a 978-80-223-2616-2 
919 |a 978-80-223-3012-1 
919 |a 978-80-223-3074-9 
919 |a 978-80-223-3654-3 
958 |a NB 
999 |c 4834  |d 6764 
952 |a SNK  |b SNK  |y PREZ  |7 0  |p 17A0416146  |o snkČSC 974/33/2002  |i snkPV 331/2004  |0 0  |1 0  |4 0  |d 2004-03-31  |l 0  |r 2005-01-02 00:00:00  |w 2026-02-21 
952 |a SNK  |b SNK  |y PREZ  |7 0  |p 17A0416147  |o snkČSC 974/33/2002 D1  |i snkPV 332/2004  |0 0  |1 0  |4 0  |d 2004-03-31  |l 0  |r 2005-01-02 00:00:00  |w 2026-02-21 
952 |a SNK  |b SNK  |y PREZ  |7 0  |p 17A1139880  |o snkČSC 974/37/2014  |i snk2015/23410  |8 0  |0 0  |1 0  |4 0  |d 2015-07-31  |l 0  |r 2026-02-21 19:45:53  |w 2026-02-21 
952 |a SNK  |b SNK  |y PREZ  |7 0  |p 17A1146070  |o snkČSC 974/37/2014 D1  |i snk2015/23412  |8 0  |0 0  |1 0  |4 0  |d 2015-07-31  |l 0  |r 2026-02-21 19:45:53  |w 2026-02-21 
952 |a SNK  |b SNK  |y PREZ  |7 0  |p 17A0661137  |o snkČSC 974/34/2009 D1  |i snk2010/14593  |8 0  |0 0  |1 0  |4 0  |d 2010-07-06  |l 0  |r 2026-02-21 19:53:32  |w 2026-02-21 
952 |a SNK  |b SNK  |y PREZ  |7 0  |p 17A0657804  |o snkČSC 974/34/2009  |i snk2010/14591  |8 0  |0 0  |1 0  |4 0  |d 2010-07-06  |l 0  |r 2026-02-21 20:06:57  |w 2026-02-21 
952 |a SNK  |b SNK  |y PREZ  |7 0  |p 17A0719117  |o snkČSC 974/35/2011  |i snk2012/406  |8 0  |0 0  |1 0  |4 0  |d 2012-01-05  |l 0  |r 2026-02-21 20:23:01  |w 2026-02-21 
952 |a SNK  |b SNK  |y PREZ  |7 0  |p 17A0719118  |o snkČSC 974/35/2011 D1  |i snk2012/408  |8 0  |0 0  |1 0  |4 0  |d 2012-01-05  |l 0  |r 2026-02-21 20:23:01  |w 2026-02-21 
952 |a SNK  |b SNK  |y PREZ  |7 0  |p 17A0871059  |o snkČSC 974/36/2011  |i snk2015/1091  |8 0  |0 0  |1 0  |4 0  |d 2015-01-15  |l 0  |r 2026-02-21 20:51:44  |w 2026-02-21 
952 |a SNK  |b SNK  |y PREZ  |7 0  |p 17A0871060  |o snkČSC 974/36/2011 D1  |i snk2015/1094  |8 0  |0 0  |1 0  |4 0  |d 2015-01-15  |l 0  |r 2026-02-21 20:51:44  |w 2026-02-21 
952 |a SNK  |b SNK  |y PREZ  |7 0  |p 17A1317606  |o snkČSC 974/16/1966 D1  |i snkKSP 6936/67  |0 0  |1 0  |4 0  |d 2025-01-21  |l 0  |r 2026-02-21 21:39:35  |w 2026-02-21 
952 |a SNK  |b SNK  |y PREZ  |7 0  |p 17A1317605  |o snkČSC 974/12(3)/1963 D1  |i snkKSP 12/64  |0 0  |1 0  |4 0  |d 2025-01-21  |l 0  |r 2026-02-21 21:39:39  |w 2026-02-21 
952 |a SNK  |b SNK  |y PREZ  |7 0  |p 17A1317604  |o snkČSC 974/13(4)/1963 D1  |i snkF 1335/88  |8 5  |0 0  |1 0  |4 0  |d 2025-01-21  |l 0  |r 2026-02-21 21:39:39  |w 2026-02-21